1357 1570 1210 1595 1577 1974 1647 1612 1104 1660 1434 1888 1639 1509 1306 1376 1886 1569 1111 1769 1153 1717 1604 1536 1327 1103 1347 1016 1154 1884 1808 1123 1206 1791 1856 1005 1300 1811 1051 1613 1543 1140 1707 1875 1681 1320 1017 1183 1135 1541 1532 1000 1269 1737 1157 1699 1064 1590 1995 1632 1222 1165 1396 1464 1321 1522 1552 1686 1334 1140 1772 1192 1679 1608 1246 1350 1191 1710 1863 1118 1178 1037 1163 1550 1145 1991 1531 1753 1965 1883 1600 1680 1748 1378 1563 1796 1136 1471 1556 BCNSPRNW ULIB Ver.6.0+V

เปลี่ยนเป็นภาษาไทย

Change to English
 แสดงรายละเอียดบรรณานุกรม
  กลับหน้าหลัก

Brief Record : Get Marc (ISO 2709) : E-mail record : QR code < ปิดหน้าต่าง
LEADER : 00000nas 2200000uu 4500
001    13399126061
003     ULIB
008    180515s2560||||th 000 0 tha d
022 0  ^a24654736
245 00 ^aวารสารวิจัยทางการพยาบาลและวิทยาศาสตร์สุขภาพ^cคณะพยาบาลศาสตร์ มหาวิทยาลัยราชภัฏเพชรบุรี
310    ^aราย 6 เดือน
850 ^a ULIB^bปีที่ 1 ฉบับที่ 2 ฉ.1 ;ปีที่ 1 ฉบับที่ 1 ฉ.1
856    ^aปีที่ 1 ฉบับที่ 1 มกราคม-มิถุนายน^c2560
945    ^p0^l0^i905159
945    ^p0^l0^i904879
999    ^aประนอม เกษจรัล
รายการนี้ยังไม่มีแท็ก
คุณยังไม่ได้ล็อกอิน คุณสามารถมีกิจกรรมร่วมกับเว็บไซต์ได้ แต่ต้องล็อกอินก่อน ::
  ล็อกอิน

รายการสื่อสารสนเทศ (วารสาร)

ดูแบบ: กล่อง รายการ
ARRIVED
ปีที่ 1 ฉบับที่ 1 ฉ.1
สถานที่: ห้องสมุดวิทยาเขตสวรรค์ประชารักษ์ >หนังสือพิมพ์
ARRIVED
ปีที่ 1 ฉบับที่ 2 ฉ.1
สถานที่: ห้องสมุดวิทยาเขตสวรรค์ประชารักษ์ >วารสาร

BibComment


ยังไม่เคยถูกคอมเมนท์

คอมเมนท์ทรัพยากรรายการนี้
  คอมเมนท์: วารสารวิจัยทางกา..


 Copyright 2026. Bcnsprnw @Library